Представление документа в формате MARC21

Поле Инд. ПП Название Значение
Тип записи a
Библиографический уровень m
001 _ Контрольный номер RU\infra-m\znanium\bibl\1000230
005 _ Дата корректировки 20250915104133.9
008 Кодируемые данные 191024s2019 RU g rus u
020 a ISBN 978-5-16-014706-2
020 a ISBN 978-5-16-107212-7
040 a Служба первич. каталог. Общество с ограниченной ответственностью «ЗНАНИУМ»
041 a Код языка текста rus
044 a Код страны публикации RU
080 a Индекс УДК 33(075.8)
084 2 Источник индекса rubbk
a Индекс другой классификации/Индекс ББК 65я73
084 2 Источник индекса okso
a Индекс другой классификации/Индекс ББК 00.05.13
084 2 Источник индекса okso
a Индекс другой классификации/Индекс ББК 38.03.01
084 2 Источник индекса okso
a Индекс другой классификации/Индекс ББК 38.03.07
084 2 Источник индекса okso
a Индекс другой классификации/Индекс ББК 40.03.01
100 1_ a Автор Океанова Зинаида Константиновна
q Полное имя Зинаида Константиновна
245 a Заглавие Экономика
b Продолж. заглавия Учебник
c Ответственность Московский государственный юридический университет им. О.Е. Кутафина
250 a Основные сведения об издании 1
260 a Место издания Москва
b Издательство ООО "Научно-издательский центр ИНФРА-М"
c Дата издания 2019
300 a Объем 566 с.
520 a Аннотация В учебнике систематизированно изложены закономерности развития экономики, взаимодействия между экономическими субъектами на основе механизмов рыночного, государственного регулирования.
521 a Примеч. о целев. назн. ВО - Бакалавриат
650 a Основная рубрика Экономика. Бухгалтерский учет. Финансы
x Основная подрубрика Общая экономическая теория
852 x Примечание, не предназначенное для пользователя znanium2022
856 4_ a Имя сервера/домена znanium.com
m Помощь ebs_support@infra-m.ru
n Местонахождение сервера НИЦ ИНФРА-М
u URL http://znanium.com/catalog/document?id=342098
z Примечание для пользователя Участвует в КО
856 41 a Имя сервера/домена znanium.com
d Путь /cover/1000
f Электронное имя 1000230.jpg
q Тип электронного формата image/jpeg
u URL https://znanium.com/cover/1000/1000230.jpg